[Event "España ch Individual Zona 1"]
[Site "Logroño ESP"]
[Date "2008.08.18"]
[Round "1.1"]
[White "Franco Alonso, Alejandro"]
[Black "Garcia Martinez, Oscar"]
[Result "1-0"]
[WhiteElo "2472"]
[BlackElo "1874"]
[PlyCount "97"]
[EventDate "18.08.20"]
[EventType "swiss"]
[EventCountry "ESP"]
[Source "lmi"]
[SourceDate "2008.08.18"]

1. Nf3 d5 2. d4 Nf6 3. c4 e6 4. g3 Nbd7 5. Bg2 b6 6. Qa4 Bd6 7. Nc3 O-O 8. cxd5
exd5 9. O-O Bb7 10. Nb5 Qe7 11. Nxd6 Qxd6 12. Bf4 Qe7 13. Rac1 c5 14. Rfe1 Rfe8
15. dxc5 Nxc5 16. Qa3 Ne6 17. Bd6 Qd8 18. Red1 Ne4 19. Be5 Qe7 20. Qxe7 Rxe7
21. e3 Rd8 22. h4 f6 23. Bd4 Rc7 24. Bh3 Re7 25. b3 Nxd4 26. Nxd4 g6 27. Be6+
Kh8 28. Nc6 Bxc6 29. Rxc6 f5 30. Rxd5 Rde8 31. Bc8 Nxg3 32. fxg3 Rxe3 33. Kf2
Re2+ 34. Kf3 R8e3+ 35. Kf4 Kg7 36. Rc7+ Kh6 37. Rd4 Re8 38. Bb7 Rf2+ 39. Bf3
Re1 40. a4 a6 41. b4 Ref1 42. Rd3 Re1 43. Re3 Ref1 44. Rb7 b5 45. axb5 axb5 46.
Rxb5 Kg7 47. Rb7+ Kf6 48. Rb6+ Kf7 49. Rc3 1-0

[Event "España ch Individual Zona 1"]
[Site "Logroño ESP"]
[Date "2008.08.18"]
[Round "1.2"]
[White "Miguelez Garcia, Erlantz"]
[Black "Saldaño Dayer, Horacio"]
[Result "0-1"]
[WhiteElo "1836"]
[BlackElo "2442"]
[PlyCount "72"]
[EventDate "18.08.20"]
[EventType "swiss"]
[EventCountry "ESP"]
[Source "lmi"]
[SourceDate "2008.08.18"]

1. d4 e6 2. c4 Nf6 3. Nf3 c5 4. Nc3 cxd4 5. Nxd4 Nc6 6. g3 Qb6 7. Ndb5 Bc5 8.
Nd6+ Ke7 9. Nde4 Nxe4 10. Nxe4 Bb4+ 11. Bd2 d5 12. cxd5 exd5 13. Nc3 Be6 14.
Bg2 Rhd8 15. O-O Bxc3 16. bxc3 Kf8 17. Qc2 Kg8 18. Be3 Qa6 19. Rfd1 Rac8 20.
Qb2 b6 21. Bd4 Qa4 22. Rd2 Na5 23. Qb4 Qd7 24. Rb1 Bf5 25. e4 dxe4 26. Be3 Qe6
27. Rbd1 Rxd2 28. Rxd2 Nc4 29. Re2 Nxe3 30. Rxe3 Rd8 31. Re1 g6 32. Bxe4 Re8
33. f3 Qxa2 34. Rd1 Bh3 35. f4 Qe2 36. Qb1 Rxe4 0-1

[Event "España ch Individual Zona 1"]
[Site "Logroño ESP"]
[Date "2008.08.18"]
[Round "1.3"]
[White "Beltran Rueda, Santiago"]
[Black "Lopez Gil, Diego"]
[Result "1-0"]
[WhiteElo "2436"]
[BlackElo "1750"]
[PlyCount "35"]
[EventDate "18.08.20"]
[EventType "swiss"]
[EventCountry "ESP"]
[Source "lmi"]
[SourceDate "2008.08.18"]

1. c4 c5 2. Nc3 Nc6 3. Nf3 g6 4. e3 Bg7 5. d4 cxd4 6. exd4 e6 7. d5 Ne5 8. Nd4
f5 9. Ndb5 d6 10. dxe6 Bxe6 11. Nxd6+ Ke7 12. c5 Nf7 13. Qf3 Rb8 14. Bf4 Ne5
15. Qe3 Ng4 16. Nd5+ Kf8 17. Qxe6 N8h6 18. h3 1-0

[Event "España ch Individual Zona 1"]
[Site "Logroño ESP"]
[Date "2008.08.18"]
[Round "1.4"]
[White "Perez Muñoz, Jorge"]
[Black "Lariño Nieto, David"]
[Result "0-1"]
[WhiteElo "1725"]
[BlackElo "2427"]
[PlyCount "74"]
[EventDate "18.08.20"]
[EventType "swiss"]
[EventCountry "ESP"]
[Source "lmi"]
[SourceDate "2008.08.18"]

1. e4 d6 2. d4 Nf6 3. Nc3 e5 4. dxe5 dxe5 5. Qxd8+ Kxd8 6. Bc4 Ke8 7. a3 a6 8.
f4 Bd6 9. Nf3 Nbd7 10. Ng5 Rf8 11. g3 b5 12. Bd5 Nxd5 13. exd5 exf4 14. Nce4
fxg3 15. Nxd6+ cxd6 16. hxg3 h6 17. Ne4 Ke7 18. Bf4 Ne5 19. O-O-O f6 20. Rhf1
Bf5 21. Nd2 Rac8 22. c3 Nd3+ 23. Kb1 Nxf4+ 24. Ka1 Bg4 25. Rde1+ Ne6 26. Rf4 h5
27. Nb3 Kf7 28. dxe6+ Bxe6 29. Na5 Rc7 30. Rfe4 Re8 31. Nb3 Rce7 32. Nd4 Bd7
33. Rxe7+ Rxe7 34. Rxe7+ Kxe7 35. Kb1 g5 36. Nf3 Bc6 37. Kc1 h4 0-1

[Event "España ch Individual Zona 1"]
[Site "Logroño ESP"]
[Date "2008.08.18"]
[Round "1.5"]
[White "Garcia Castro, Pablo"]
[Black "Elexpe Bastida, Oscar"]
[Result "1-0"]
[WhiteElo "2390"]
[BlackElo "1676"]
[PlyCount "71"]
[EventDate "18.08.20"]
[EventType "swiss"]
[EventCountry "ESP"]
[Source "lmi"]
[SourceDate "2008.08.18"]

1. g3 c5 2. Bg2 d5 3. d3 e6 4. Nd2 Nf6 5. e4 Nc6 6. Ngf3 Be7 7. O-O O-O 8. Re1
Qc7 9. Nf1 dxe4 10. dxe4 Rd8 11. Qe2 Nd4 12. Nxd4 cxd4 13. e5 Nd5 14. Be4 g6
15. Bd3 b6 16. a3 Bb7 17. Nd2 Rac8 18. h4 Bf8 19. Ne4 Qxe5 20. Bg5 Qc7 21. Bxd8
Rxd8 22. Kh2 Bg7 23. Ng5 e5 24. h5 Qe7 25. Nf3 Re8 26. hxg6 hxg6 27. Bb5 Rd8
28. Nxe5 a6 29. Bc6 Bxc6 30. Nxc6 Qxe2 31. Rxe2 Rd6 32. Re8+ Kh7 33. Rc8 Re6
34. Kg2 Re2 35. Rh1+ Bh6 36. Nxd4 1-0

[Event "España ch Individual Zona 1"]
[Site "Logroño ESP"]
[Date "2008.08.18"]
[Round "1.6"]
[White "Martin Hernandez, Jonas David"]
[Black "Mascaro March, Pedro"]
[Result "0-1"]
[WhiteElo "1940"]
[BlackElo "2367"]
[PlyCount "80"]
[EventDate "18.08.20"]
[EventType "swiss"]
[EventCountry "ESP"]
[Source "lmi"]
[SourceDate "2008.08.18"]

1. c4 Nf6 2. Nc3 g6 3. g3 Bg7 4. Bg2 O-O 5. Nf3 c5 6. d4 cxd4 7. Nxd4 Nc6 8.
O-O Nxd4 9. Qxd4 d6 10. Qd3 Bf5 11. e4 Be6 12. b3 Qa5 13. Bd2 Qh5 14. f3 a6 15.
a4 Rac8 16. Rac1 Bh6 17. Bxh6 Qxh6 18. f4 Rfd8 19. f5 Bd7 20. h3 Bc6 21. g4 Qg5
22. Nd5 Bxd5 23. exd5 b5 24. axb5 axb5 25. fxg6 hxg6 26. Rfe1 bxc4 27. Rxc4 Nd7
28. Rxc8 Rxc8 29. Qe3 Qxe3+ 30. Rxe3 Rc1+ 31. Bf1 Kf8 32. b4 Rb1 33. b5 Nb6 34.
Ra3 Nxd5 35. Kf2 Kg7 36. Bd3 Rb2+ 37. Kf3 Kf6 38. h4 Nc7 39. Ra5 e5 40. Ke3 d5
0-1

[Event "España ch Individual Zona 1"]
[Site "Logroño ESP"]
[Date "2008.08.18"]
[Round "1.9"]
[White "Massanet Massanet, Sebastian"]
[Black "Abad Viñas, Jesus Manuel"]
[Result "1-0"]
[WhiteElo "2296"]
[BlackElo "1918"]
[PlyCount "91"]
[EventDate "18.08.20"]
[EventType "swiss"]
[EventCountry "ESP"]
[Source "lmi"]
[SourceDate "2008.08.18"]

1. e4 c5 2. Nf3 d6 3. d4 cxd4 4. Nxd4 Nf6 5. Nc3 a6 6. Bg5 e6 7. f4 Be7 8. Qf3
O-O 9. O-O-O Qc7 10. g4 Nc6 11. Nb3 b5 12. Bd3 Bb7 13. Kb1 Nb4 14. Rhg1 Nxd3
15. cxd3 b4 16. Ne2 a5 17. Nbd4 a4 18. Bxf6 Bxf6 19. g5 Bxd4 20. Nxd4 Qc5 21.
Ne2 b3 22. a3 Qc2+ 23. Ka1 d5 24. exd5 Bxd5 25. Qe3 Qc7 26. Rc1 Qd6 27. d4 Rac8
28. Rc5 Rfd8 29. Rgc1 Qa6 30. Qe5 Bf3 31. Nc3 Rxc5 32. dxc5 Qc6 33. Qe3 Bh5 34.
Ne4 Rd5 35. Qc3 Bg6 36. Qb4 Rd8 37. Nc3 Ra8 38. Qd4 Bf5 39. Rd1 g6 40. Qd6 Qf3
41. c6 Rc8 42. c7 Rf8 43. Qxf8+ Kxf8 44. c8=Q+ Kg7 45. Qd8 Bd3 46. Qxd3 1-0

[Event "España ch Individual Zona 1"]
[Site "Logroño ESP"]
[Date "2008.08.19"]
[Round "2.1"]
[White "Ojer Lora, Iker"]
[Black "Franco Alonso, Alejandro"]
[Result "0-1"]
[WhiteElo "2102"]
[BlackElo "2472"]
[PlyCount "60"]
[EventDate "18.08.20"]
[EventType "swiss"]
[EventCountry "ESP"]
[Source "lmi"]
[SourceDate "2008.08.18"]

1. b3 d5 2. Bb2 Bg4 3. f3 Bf5 4. e3 Nd7 5. Ne2 e5 6. f4 f6 7. Ng3 Be6 8. f5 Bf7
9. Be2 Bd6 10. Na3 c6 11. c4 a6 12. O-O Ne7 13. d4 O-O 14. c5 Bc7 15. Nc2 e4
16. Nh5 g6 17. fxg6 hxg6 18. Nxf6+ Nxf6 19. Rxf6 Nf5 20. Rxf5 gxf5 21. Qf1 Qg5
22. g3 Be6 23. Qg2 Kg7 24. Kf2 Rf6 25. Rg1 Rh8 26. Ke1 Rfh6 27. h4 Qd8 28. Bc3
Rg6 29. Qf2 Qb8 30. g4 fxg4 0-1

[Event "España ch Individual Zona 1"]
[Site "Logroño ESP"]
[Date "2008.08.19"]
[Round "2.2"]
[White "Saldaño Dayer, Horacio"]
[Black "Esteban Romo, Francisco J"]
[Result "1-0"]
[WhiteElo "2442"]
[BlackElo "2084"]
[PlyCount "113"]
[EventDate "18.08.20"]
[EventType "swiss"]
[EventCountry "ESP"]
[Source "lmi"]
[SourceDate "2008.08.18"]

1. c4 Nf6 2. Nc3 c5 3. Nf3 Nc6 4. d4 cxd4 5. Nxd4 g6 6. g3 Bg7 7. Bg2 O-O 8.
O-O Nxd4 9. Qxd4 d6 10. Qd3 Nd7 11. Nd5 Nc5 12. Qa3 Be6 13. Bg5 Bxd5 14. Bxd5
Qc7 15. Rad1 a5 16. Qe3 e6 17. Bg2 Bxb2 18. Qd2 Be5 19. f4 Bg7 20. Qxd6 Qxd6
21. Rxd6 f6 22. Bh4 Rfd8 23. Rfd1 Rxd6 24. Rxd6 Bf8 25. Rb6 Be7 26. g4 Rd8 27.
Bf2 Rd1+ 28. Bf1 Kf7 29. Kg2 Ne4 30. Rxb7 Nxf2 31. Kxf2 Rd4 32. Kf3 Rxc4 33. e3
Ra4 34. f5 gxf5 35. gxf5 exf5 36. Bd3 Ke6 37. Bc2 Rb4 38. Bb3+ Kd6 39. Ra7 Rb5
40. Ra8 Re5 41. Rh8 Kc6 42. Rxh7 Bc5 43. Rf7 Rxe3+ 44. Kf4 Bd4 45. Rh7 Re2 46.
Kxf5 Rf2+ 47. Ke4 Be5 48. h4 Rf4+ 49. Ke3 a4 50. Bd1 a3 51. h5 Rh4 52. Bb3 Rh3+
53. Ke4 Rxb3 54. axb3 a2 55. Ra7 a1=Q 56. Rxa1 Bxa1 57. Kf5 1-0

[Event "España ch Individual Zona 1"]
[Site "Logroño ESP"]
[Date "2008.08.19"]
[Round "2.3"]
[White "Martinez Perez, Jorge"]
[Black "Beltran Rueda, Santiago"]
[Result "0-1"]
[WhiteElo "2077"]
[BlackElo "2436"]
[PlyCount "97"]
[EventDate "18.08.20"]
[EventType "swiss"]
[EventCountry "ESP"]
[Source "lmi"]
[SourceDate "2008.08.18"]

1. Nf3 d5 2. b3 c5 3. e3 a6 4. Bb2 Nc6 5. Be2 d4 6. a4 e5 7. e4 Nf6 8. d3 Be7
9. Nbd2 O-O 10. h3 Ne8 11. g4 Rb8 12. Nf1 b5 13. Ng3 Nc7 14. O-O Ne6 15. Bc1
Bd6 16. Nf5 Bc7 17. Re1 Ba5 18. Bd2 Bxd2 19. Qxd2 Nf4 20. Bf1 f6 21. Ng3 Qe8
22. Nh4 Nd8 23. axb5 axb5 24. b4 cxb4 25. Nhf5 Nc6 26. Ne2 Nxe2+ 27. Bxe2 g6
28. Ng3 Qe7 29. f4 exf4 30. Qxf4 Qe5 31. Qf2 Bb7 32. Bd1 Ra8 33. Rb1 Ra2 34.
Ne2 Kg7 35. Nf4 Bc8 36. Nd5 Qd6 37. Qh2 Ne5 38. Nxb4 Ra8 39. Nd5 Bd7 40. Qf2
Rac8 41. Rf1 h5 42. Qxd4 hxg4 43. Qb6 Rc6 44. Qe3 gxh3 45. Rxb5 Rxc2 46. Bxc2
Bxb5 47. Rb1 Ng4 48. Qxh3 Qc5+ 49. Kf1 0-1

[Event "España ch Individual Zona 1"]
[Site "Logroño ESP"]
[Date "2008.08.19"]
[Round "2.4"]
[White "Lariño Nieto, David"]
[Black "Fernandez Fernandez, Juan Carlos"]
[Result "1-0"]
[WhiteElo "2427"]
[BlackElo "2065"]
[PlyCount "91"]
[EventDate "18.08.20"]
[EventType "swiss"]
[EventCountry "ESP"]
[Source "lmi"]
[SourceDate "2008.08.18"]

1. d4 c6 2. c4 d5 3. cxd5 cxd5 4. Nc3 Nf6 5. Bf4 e6 6. e3 a6 7. a3 Be7 8. Bd3
O-O 9. h3 Nc6 10. Nf3 Bd7 11. O-O Na5 12. Ne5 Rc8 13. Rc1 Nc4 14. Nxc4 dxc4 15.
Bb1 Bc6 16. e4 Qb6 17. Qc2 g6 18. Rcd1 Rfd8 19. Bg5 Qc7 20. Rfe1 Nh5 21. Bxe7
Qxe7 22. d5 Be8 23. e5 exd5 24. Nxd5 Qg5 25. Qe4 Bc6 26. h4 Bxd5 27. hxg5 Bxe4
28. Bxe4 Rxd1 29. Rxd1 Rc7 30. Rd8+ Kg7 31. g3 h6 32. gxh6+ Kxh6 33. Kg2 Kg7
34. Kf3 c3 35. bxc3 Rxc3+ 36. Kg2 Rc7 37. a4 Re7 38. f4 f6 39. Rd6 fxe5 40.
Rxg6+ Kf8 41. f5 b5 42. Rh6 Nxg3 43. Kxg3 bxa4 44. f6 Rd7 45. Rh8+ Kf7 46. Rh7+
1-0

[Event "España ch Individual Zona 1"]
[Site "Logroño ESP"]
[Date "2008.08.19"]
[Round "2.5"]
[White "Sasiain Gomez, Iñaki"]
[Black "Garcia Castro, Pablo"]
[Result "0-1"]
[WhiteElo "2058"]
[BlackElo "2390"]
[PlyCount "106"]
[EventDate "18.08.20"]
[EventType "swiss"]
[EventCountry "ESP"]
[Source "lmi"]
[SourceDate "2008.08.18"]

1. d4 d6 2. c4 e5 3. dxe5 dxe5 4. Qxd8+ Kxd8 5. Nc3 Be6 6. e4 c6 7. f4 exf4 8.
Bxf4 Nd7 9. O-O-O Bb4 10. Nf3 Ngf6 11. Ng5 h6 12. Nxe6+ fxe6 13. Bd3 Bxc3 14.
bxc3 Ng4 15. Rd2 Ke7 16. h3 Rhf8 17. Bg3 Nge5 18. Rhd1 Rad8 19. Be2 b6 20. Kc2
Rg8 21. Kb3 Nc5+ 22. Kc2 Rxd2+ 23. Rxd2 Nf7 24. Bf3 Rd8 25. Rxd8 Nxd8 26. Kd2
Nd7 27. Bh4+ g5 28. Bg3 Nf7 29. Be2 Nfe5 30. Ke3 Kf6 31. Kd4 c5+ 32. Ke3 Nb8
33. Bh2 Nbc6 34. Bg3 Na5 35. Bxe5+ Kxe5 36. Bd3 Nb7 37. Be2 Nd6 38. Bd3 Ne8 39.
Be2 Nf6 40. Bf3 h5 41. g4 h4 42. Bg2 Ng8 43. Bf1 Ne7 44. Bg2 Ng6 45. Bf1 Nf4
46. Kf3 Kd6 47. a3 Kc6 48. a4 Kb7 49. Ke3 Ka6 50. Bd3 Nxh3 51. e5 Ka5 52. Bf5
Nf4 53. Ke4 h3 0-1

[Event "España ch Individual Zona 1"]
[Site "Logroño ESP"]
[Date "2008.08.19"]
[Round "2.6"]
[White "Mascaro March, Pedro"]
[Black "Aguinaga Ruiz, Jesus Luis"]
[Result "1-0"]
[WhiteElo "2367"]
[BlackElo "2023"]
[PlyCount "35"]
[EventDate "18.08.20"]
[EventType "swiss"]
[EventCountry "ESP"]
[Source "lmi"]
[SourceDate "2008.08.18"]

1. d4 d5 2. c4 Nc6 3. cxd5 Qxd5 4. e3 e5 5. Nc3 Bb4 6. Bd2 Bxc3 7. Bxc3 exd4 8.
Ne2 Bg4 9. f3 Bxf3 10. gxf3 Qxf3 11. Bxd4 O-O-O 12. Rg1 Nf6 13. Bg2 Nxd4 14.
Qxd4 Qh5 15. Qxa7 Qh4+ 16. Kf1 Ne4 17. Qa8+ Kd7 18. Qa4+ 1-0

[Event "España ch Individual Zona 1"]
[Site "Logroño ESP"]
[Date "2008.08.19"]
[Round "2.7"]
[White "Duran Burniol, Joan"]
[Black "Alvarez Fernandez, Enrique"]
[Result "0-1"]
[WhiteElo "1974"]
[BlackElo "2358"]
[PlyCount "110"]
[EventDate "18.08.20"]
[EventType "swiss"]
[EventCountry "ESP"]
[Source "lmi"]
[SourceDate "2008.08.18"]

1. e4 c5 2. Nf3 a6 3. c4 e6 4. d4 cxd4 5. Nxd4 Nf6 6. Nc3 Bb4 7. Bd3 Bxc3+ 8.
bxc3 Qa5 9. Qc2 d6 10. O-O Nbd7 11. Nb3 Qc7 12. f4 b6 13. Qe2 Bb7 14. Ba3 Nc5
15. Nxc5 bxc5 16. Rab1 Bc6 17. f5 O-O 18. fxe6 fxe6 19. e5 dxe5 20. Bxc5 Bxg2
21. Qxg2 Qxc5+ 22. Kh1 Rac8 23. Rb7 Rc7 24. Rfb1 Rfc8 25. R1b6 Rxb7 26. Qxb7 e4
27. Bf1 Rf8 28. Bh3 Qf2 29. Bxe6+ Kh8 30. Rb1 Qf3+ 31. Kg1 Ng4 32. Bxg4 Qxg4+
33. Kh1 Qf3+ 34. Kg1 h6 35. Qd5 Kh7 36. Qd1 Qe3+ 37. Kh1 Qxc3 38. Qg4 Qxc4 39.
Rg1 Qd4 40. Qg6+ Kh8 41. Qxa6 e3 42. Qe6 Qf4 43. Qh3 e2 44. Qg2 Qf3 45. Qxf3
Rxf3 46. Kg2 Ra3 47. Re1 Rxa2 48. h4 Ra4 49. Rxe2 Rxh4 50. Kg3 Ra4 51. Re6 Kh7
52. Rb6 h5 53. Rc6 g6 54. Rc5 Kh6 55. Rb5 Ra3+ 0-1

[Event "España ch Individual Zona 1"]
[Site "Logroño ESP"]
[Date "2008.08.19"]
[Round "2.8"]
[White "Gomez Anadon, Daniel"]
[Black "Lorente Ibañez, Luis"]
[Result "1-0"]
[WhiteElo "2350"]
[BlackElo "1987"]
[PlyCount "44"]
[EventDate "18.08.20"]
[EventType "swiss"]
[EventCountry "ESP"]
[Source "lmi"]
[SourceDate "2008.08.18"]

1. d4 d5 2. Nf3 Nf6 3. e3 e6 4. Bd3 Bd6 5. O-O c5 6. c3 Nc6 7. Nbd2 O-O 8. dxc5
Bxc5 9. e4 dxe4 10. Nxe4 Be7 11. Qe2 Qc7 12. Rd1 b6 13. Nxf6+ Bxf6 14. Qe4 g6
15. Bh6 Bg7 16. Qh4 Bb7 17. Ng5 Qe5 18. Nxh7 Rfd8 19. Bg5 Rd7 20. Nf6+ Bxf6 21.
Bxf6 Qh5 22. Qxh5 Bc8 1-0

[Event "España ch Individual Zona 1"]
[Site "Logroño ESP"]
[Date "2008.08.19"]
[Round "2.9"]
[White "Ribas Gomez, Diego"]
[Black "Massanet Massanet, Sebastian"]
[Result "0-1"]
[WhiteElo "1996"]
[BlackElo "2296"]
[PlyCount "98"]
[EventDate "18.08.20"]
[EventType "swiss"]
[EventCountry "ESP"]
[Source "lmi"]
[SourceDate "2008.08.18"]

1. e4 e6 2. d4 d5 3. e5 c5 4. c3 Nc6 5. Nf3 Qb6 6. a3 c4 7. Be2 Bd7 8. O-O f6
9. Nbd2 Na5 10. Re1 Ne7 11. Bf1 Ng6 12. Rb1 fxe5 13. Nxe5 Nxe5 14. dxe5 Bc5 15.
Qh5+ Kd8 16. Qh4+ Kc7 17. Be2 g5 18. Qg3 h5 19. Rf1 Rag8 20. b4 cxb3 21. c4 h4
22. Qh3 Bxf2+ 23. Rxf2 Rf8 24. Nf3 dxc4 25. Bd2 Nc6 26. Bxc4 Nxe5 27. Rxb3
Qxf2+ 28. Kxf2 g4 29. Bc3 Nxf3 30. Bxh8 Ng5+ 31. Qf3 Nxf3 32. gxf3 Rxh8 33.
fxg4 Rg8 34. Kf3 Bc6+ 35. Kf4 e5+ 36. Kf5 Bd7+ 37. Kxe5 Rxg4 38. Bd5 Bc6 39.
Bxc6 bxc6 40. Kf5 Ra4 41. Rh3 c5 42. Kg5 Kc6 43. Kf5 a5 44. Kg5 Rd4 45. Kf5 Kd5
46. Kg5 c4 47. Kf5 Re4 48. Rc3 Kd4 49. Rxc4+ Kxc4 0-1

[Event "España ch Individual Zona 1"]
[Site "Logroño ESP"]
[Date "2008.08.19"]
[Round "2.10"]
[White "Blazquez Gomez, Jose Juis"]
[Black "Martinez Rioja, Jesus"]
[Result "1-0"]
[WhiteElo "2255"]
[BlackElo "1950"]
[PlyCount "65"]
[EventDate "18.08.20"]
[EventType "swiss"]
[EventCountry "ESP"]
[Source "lmi"]
[SourceDate "2008.08.18"]

1. Nf3 Nf6 2. g3 b6 3. Bg2 Bb7 4. O-O d6 5. c4 Nbd7 6. Nc3 g6 7. d4 Bg7 8. Qc2
O-O 9. e4 e5 10. dxe5 dxe5 11. Rd1 Qe7 12. Nd5 Nxd5 13. cxd5 Nf6 14. b3 Ne8 15.
h4 Nd6 16. a4 Bc8 17. Ba3 Bg4 18. Rd3 Bxf3 19. Rxf3 f5 20. Rc3 Rf7 21. Rc1 Rd8
22. exf5 gxf5 23. Bh3 Bf8 24. Bxd6 cxd6 25. Bxf5 Rg7 26. Be6+ Kh8 27. Qe4 Qe8
28. Rc8 Be7 29. Rxd8 Bxd8 30. Rc8 Qe7 31. Qf5 h6 32. Ra8 Qe8 33. Qf6 1-0

[Event "España ch Individual Zona 1"]
[Site "Logroño ESP"]
[Date "2008.08.19"]
[Round "3.1"]
[White "Franco Alonso, Alejandro"]
[Black "Gomez Anadon, Daniel"]
[Result "1-0"]
[WhiteElo "2472"]
[BlackElo "2350"]
[PlyCount "153"]
[EventDate "18.08.20"]
[EventType "swiss"]
[EventCountry "ESP"]
[Source "lmi"]
[SourceDate "2008.08.18"]

1. d4 d5 2. c4 e6 3. Nf3 Nf6 4. g3 dxc4 5. Bg2 a6 6. O-O Nc6 7. e3 Rb8 8. Nfd2
Na5 9. Qa4+ c6 10. Nxc4 Nxc4 11. Qxc4 Bd7 12. Rd1 b5 13. Qc2 Qb6 14. e4 c5 15.
Bf4 Rc8 16. d5 Nh5 17. Be3 e5 18. b4 Qc7 19. Rc1 c4 20. Qb2 Bd6 21. Nc3 Rb8 22.
a4 bxa4 23. Qe2 Nf6 24. Bc5 Bxc5 25. bxc5 Qxc5 26. Nxa4 Qd6 27. Nb2 Bb5 28.
Nxc4 Qe7 29. Qb2 Nd7 30. Qa3 Qxa3 31. Nxa3 O-O 32. Nxb5 axb5 33. Rab1 Rb6 34.
Rb4 g6 35. Bf1 Rfb8 36. f3 Nf6 37. Rc5 Ne8 38. Rbxb5 Rxb5 39. Bxb5 Nd6 40. Be2
f5 41. Rc6 Rd8 42. Bd3 Rd7 43. Kf2 Kf7 44. Ke2 fxe4 45. fxe4 Ke7 46. Ke3 Ra7
47. Ba6 Rd7 48. h4 Ra7 49. Kf3 Kd7 50. Bd3 Ra3 51. Ke3 h6 52. Rc2 Rb3 53. Ra2
Ke7 54. Ke2 Rb4 55. Ra7+ Kf6 56. Ra6 Ke7 57. Ke3 Rb3 58. Ra7+ Kf6 59. Ra2 Nc4+
60. Ke2 Nd6 61. g4 g5 62. h5 Rb4 63. Ke3 Rb3 64. Rc2 Ra3 65. Rc6 Ke7 66. Rc7+
Kf6 67. Kd2 Ra2+ 68. Ke3 Ra3 69. Rh7 Nf7 70. d6 Nxd6 71. Rxh6+ Ke7 72. Rg6 Nf7
73. Kd2 Ra2+ 74. Ke3 Rh2 75. Bc4 Rh3+ 76. Kf2 Nd6 77. Bd5 1-0

[Event "España ch Individual Zona 1"]
[Site "Logroño ESP"]
[Date "2008.08.19"]
[Round "3.2"]
[White "Massanet Massanet, Sebastian"]
[Black "Saldaño Dayer, Horacio"]
[Result "0-1"]
[WhiteElo "2296"]
[BlackElo "2442"]
[PlyCount "144"]
[EventDate "18.08.20"]
[EventType "swiss"]
[EventCountry "ESP"]
[Source "lmi"]
[SourceDate "2008.08.18"]

1. d4 e6 2. e4 d5 3. Nd2 Nf6 4. e5 Nfd7 5. f4 c5 6. c3 Nc6 7. Ndf3 cxd4 8. cxd4
Qb6 9. Ne2 Be7 10. h4 a5 11. Nc3 f5 12. h5 Qd8 13. Be3 Nb6 14. Bf2 a4 15. Bh4
O-O 16. Bxe7 Nxe7 17. Nb5 Nc4 18. Bxc4 dxc4 19. Nd6 b5 20. Qd2 Bd7 21. a3 Bc6
22. Ng5 Qd7 23. h6 g6 24. O-O Bd5 25. Rfe1 Nc6 26. Rac1 Rab8 27. Qf2 Na5 28.
Rc2 Nb7 29. Nxb7 Rxb7 30. Qd2 b4 31. axb4 Rfb8 32. Ra1 Rxb4 33. Qf2 Rb3 34. Rd2
R8b4 35. Kh2 Qd8 36. Rc1 Qf8 37. Rcc2 Qxh6+ 38. Kg1 Rb6 39. Qe2 R3b4 40. Rc3
Qg7 41. Rdc2 h6 42. Nf3 Qe7 43. Nd2 Rxb2 44. Nxc4 Rb1+ 45. Rc1 Rxc1+ 46. Rxc1
Rc6 47. Rc2 Qc7 48. Ne3 Rxc2 49. Nxc2 a3 50. Qb5 Kf7 51. Kh2 a2 52. Qa4 Qb7 53.
Ne3 g5 54. fxg5 hxg5 55. Qa5 Qd7 56. Nxd5 Qxd5 57. Qa7+ Kg6 58. Qa4 Kh5 59.
Qd1+ Kh6 60. Qa4 Kh5 61. Qd1+ g4 62. Qa4 Kg5 63. Qa7 Kf4 64. Qa4 Ke4 65. Qc2+
Kxd4 66. Qb2+ Kd3 67. Kg3 Qc4 68. Kh4 Qa4 69. Qa1 Kc2 70. Kg5 Qb3 71. Qd4 Qc3
72. Qf2+ Qd2+ 0-1

[Event "España ch Individual Zona 1"]
[Site "Logroño ESP"]
[Date "2008.08.19"]
[Round "3.3"]
[White "Beltran Rueda, Santiago"]
[Black "Blazquez Gomez, Jose Juis"]
[Result "1/2-1/2"]
[WhiteElo "2436"]
[BlackElo "2255"]
[PlyCount "123"]
[EventDate "18.08.20"]
[EventType "swiss"]
[EventCountry "ESP"]
[Source "lmi"]
[SourceDate "2008.08.18"]

1. c4 Nf6 2. Nc3 c5 3. g3 Nc6 4. Bg2 g6 5. e3 Bg7 6. Nge2 O-O 7. O-O d6 8. b3
e5 9. Bb2 Bf5 10. d3 Qd7 11. Nd5 Nxd5 12. cxd5 Nb4 13. e4 Bh3 14. a3 Bxg2 15.
Kxg2 Na6 16. f4 f5 17. fxe5 dxe5 18. Ng1 Rf7 19. Nf3 Qe7 20. Qc2 Raf8 21. Rae1
fxe4 22. dxe4 Nc7 23. Qc4 b5 24. Qc1 h6 25. Qe3 a5 26. Rc1 Nxd5 27. exd5 e4 28.
Bxg7 exf3+ 29. Rxf3 Qxe3 30. Rxe3 Kxg7 31. Rxc5 Rf2+ 32. Kh3 h5 33. Re6 Rd2 34.
Rc7+ Rf7 35. d6 g5 36. Rxf7+ Kxf7 37. Rh6 g4+ 38. Kh4 Rxh2+ 39. Kg5 Rb2 40.
Rh7+ Ke8 41. Rxh5 Rxb3 42. Kxg4 Kd7 43. Rd5 Rxa3 44. Rxb5 Kxd6 45. Kf4 Kc6 46.
Rb8 Ra1 47. g4 Rf1+ 48. Ke5 Rg1 49. Kf5 Rf1+ 50. Kg6 Kc5 51. g5 a4 52. Ra8 Kb4
53. Kg7 a3 54. g6 Kb3 55. Kh7 Rh1+ 56. Kg8 a2 57. g7 a1=Q 58. Rxa1 Rxa1 59. Kf7
Rf1+ 60. Ke7 Rg1 61. Kf7 Rxg7+ 62. Kxg7 1/2-1/2

[Event "España ch Individual Zona 1"]
[Site "Logroño ESP"]
[Date "2008.08.19"]
[Round "3.4"]
[White "Chueca Forcen, Alberto"]
[Black "Lariño Nieto, David"]
[Result "0-1"]
[WhiteElo "2254"]
[BlackElo "2427"]
[PlyCount "74"]
[EventDate "18.08.20"]
[EventType "swiss"]
[EventCountry "ESP"]
[Source "lmi"]
[SourceDate "2008.08.18"]

1. d4 e6 2. c4 c5 3. d5 exd5 4. cxd5 d6 5. Nc3 g6 6. e4 Bg7 7. f4 Qe7 8. Nf3 a6
9. Bd3 b5 10. O-O Nf6 11. e5 dxe5 12. fxe5 Ng4 13. d6 Qa7 14. Bxb5+ axb5 15.
Nxb5 Qb7 16. Nc7+ Kf8 17. Ng5 Nxe5 18. Nxf7 Nxf7 19. Qe2 Bd4+ 20. Kh1 Bf5 21.
Rxf5 gxf5 22. Bh6+ Nxh6 23. Qe7+ Kg8 24. Qg5+ Bg7 25. Re1 Nc6 26. Nxa8 Qxa8 27.
d7 Kf7 28. Qh5+ Kf6 29. Qh4+ Kg6 30. Re6+ Kf7 31. Qc4 Na5 32. Qe2 Bf6 33. Ra6
Qe4 34. Qh5+ Kg7 35. Qd1 Ng4 36. Ra7 Rd8 37. Qc1 Nc6 0-1

[Event "España ch Individual Zona 1"]
[Site "Logroño ESP"]
[Date "2008.08.19"]
[Round "3.5"]
[White "Garcia Castro, Pablo"]
[Black "Serrano Bozada, Esteban"]
[Result "1-0"]
[WhiteElo "2390"]
[BlackElo "2212"]
[PlyCount "69"]
[EventDate "18.08.20"]
[EventType "swiss"]
[EventCountry "ESP"]
[Source "lmi"]
[SourceDate "2008.08.18"]

1. g3 d5 2. Bg2 e6 3. Nf3 c5 4. O-O Nc6 5. b3 Nf6 6. Bb2 Be7 7. d4 O-O 8. e3 b6
9. c4 Bb7 10. Ne5 Rc8 11. Nd2 cxd4 12. exd4 Na5 13. Rc1 Bb4 14. Nd3 Bxd2 15.
Qxd2 dxc4 16. Bxb7 c3 17. Rxc3 Rxc3 18. Qxc3 Nxb7 19. Ba3 Re8 20. Ne5 Nd5 21.
Qf3 f6 22. Nc4 Qd7 23. Re1 Na5 24. Nd6 Rd8 25. Qg4 Nc6 26. Rxe6 f5 27. Nxf5 g6
28. Rxg6+ hxg6 29. Qxg6+ Kh8 30. Nd6 Rf8 31. Qh6+ Kg8 32. Qg5+ Kh8 33. Qxd5 Rf6
34. Qh5+ Kg7 35. Ne8+ 1-0

[Event "España ch Individual Zona 1"]
[Site "Logroño ESP"]
[Date "2008.08.19"]
[Round "3.6"]
[White "Vila Dupla, Aurelio"]
[Black "Mascaro March, Pedro"]
[Result "0-1"]
[WhiteElo "2184"]
[BlackElo "2367"]
[PlyCount "72"]
[EventDate "18.08.20"]
[EventType "swiss"]
[EventCountry "ESP"]
[Source "lmi"]
[SourceDate "2008.08.18"]

1. Nf3 d5 2. d4 Nf6 3. c4 c6 4. cxd5 cxd5 5. Nc3 Nc6 6. Bf4 Ne4 7. Qa4 Nxc3 8.
bxc3 Qb6 9. Ne5 e6 10. Nxc6 Bd7 11. Qb3 Bxc6 12. e3 Be7 13. Bd3 Qa5 14. O-O O-O
15. a4 Rfc8 16. Rfc1 a6 17. h3 Qd8 18. a5 Qd7 19. Rcb1 h6 20. Ra2 Bd8 21. Qb4
Be7 22. Qb3 Bd8 23. Be5 f6 24. Bf4 Qe7 25. e4 dxe4 26. Bc4 Kf7 27. d5 exd5 28.
Bxd5+ Kg6 29. Be6 Bc7 30. Bxc8 Bxf4 31. Be6 Re8 32. Bd5 e3 33. Bxc6 bxc6 34.
fxe3 Qxe3+ 35. Kf1 Bh2 36. Rf2 Qd3+ 0-1